The people who couldn't be stopped. (Record no. 5215)

MARC details
000 -LEADER
fixed length control field 00716cam a2200253 4500
001 - CONTROL NUMBER
control field 2757405
003 - CONTROL NUMBER IDENTIFIER
control field GBCCL
005 - DATE AND TIME OF LATEST TRANSACTION
control field 20241126110536.0
008 - FIXED-LENGTH DATA ELEMENTS--GENERAL INFORMATION
fixed length control field 700312s1970 caua 000 0 eng
010 ## -
-- 79108817
020 ## - INTERNATIONAL STANDARD BOOK NUMBER
International Standard Book Number 0830700072
040 ## - CATALOGING SOURCE
Original cataloging agency DLC
Transcribing agency DLC
Modifying agency DLC
050 00 -
-- BS2400
-- .B36
082 00 - DEWEY DECIMAL CLASSIFICATION NUMBER
Classification number 225.95
Item number BAR
100 1# - MAIN ENTRY--PERSONAL NAME
Personal name Barrett, Ethel.
9 (RLIN) 5685
245 14 - TITLE STATEMENT
Title The people who couldn't be stopped.
260 ## - PUBLICATION, DISTRIBUTION, ETC.
Place of publication, distribution, etc. Glendale, Calif.,
Name of publisher, distributor, etc. G/L Regal Books
Date of publication, distribution, etc. [1970]
300 ## - PHYSICAL DESCRIPTION
Extent 138 p.
Other physical details illus.
Dimensions 20 cm.
350 ## - PRICE (NR) (BK AM CF MU VM SE) [OBSOLETE]
Price 0.69
490 0# - SERIES STATEMENT
Series statement A Regal venture book
630 00 - SUBJECT ADDED ENTRY--UNIFORM TITLE
Uniform title Bible.
Name of part/section of a work New Testament
General subdivision History of Biblical events.
9 (RLIN) 2473
906 ## - LOCAL DATA ELEMENT F, LDF (RLIN)
a 7
b cbc
c orignew
d u
e ncip
f 19
g y-gencatlg
942 ## - ADDED ENTRY ELEMENTS (KOHA)
Source of classification or shelving scheme Dewey Decimal Classification
Koha item type Books
Holdings
Withdrawn status Lost status Source of classification or shelving scheme Damaged status Not for loan Home library Current Library Shelving location Date acquired Total checkouts Full call number Barcode Date last seen Copy number Price effective from Koha item type
    Dewey Decimal Classification     GRACE BIBLE COLLEGE GRACE BIBLE COLLEGE Biblical Studies 2018-03-05   225.95 BAR 003972 2025-05-01 c.1 2018-03-05 Books
© Grace Bible College Library 2025